[Event "Mexico City Independencia Cup"]
[Site "Mexico City"]
[Date "2017.09.15"]
[Round "2"]
[White "Lane, Samuel"]
[Black "Gomez Garrido, Camilo Ernesto"]
[Result "0-1"]
[WhiteElo "2042"]
[BlackElo "2522"]
[PlyCount "82"]
[EventDate "2017.09.14"]
[EventType "swiss"]
[EventRounds "7"]
[EventCountry "MEX"]
[SourceTitle "CBM 180 Extra"]
[Source "ChessBase"]
[SourceDate "2017.10.06"]
[SourceVersion "1"]
[SourceVersionDate "2017.10.06"]
[SourceQuality "1"]

1. d4 d5 2. c4 dxc4 3. e4 Nf6 4. e5 Nd5 5. Bxc4 Nb6 6. Bb3 Nc6 7. Ne2 Bf5 8. Nbc3 e6 9. 0-0 Qd7 10. Be3 0-0-0 11. Rc1 Kb8 12. Na4 h6 13. Nxb6 cxb6 14. Ba4 Rc8 15. a3 Be7 16. b4 Rhd8 17. Qb3 a6 18. Qb2 b5 19. Bb3 a5 20. d5 exd5 21. Rfd1 Be6 22. Bb6 a4 23. Bxd8 Bxd8 24. Ba2 Bc7 25. f4 g5 26. f5 Bxf5 27. Bxd5 Bxe5 28. Qa2 Qc7 29. Nd4 Qb6 30. Bxc6 Bxd4+ 31. Kh1 Rxc6 32. Qxf7 Bc8 33. Qe8 Bb2 34. Rxc6 Qxc6 35. Qe3 b6 36. Kg1 Bb7 37. Qg3+ Ka7 38. Rd3 Be5 39. Qf3 Qc1+ 40. Qd1 Qf4 41. Qh5 Bd4+ 0-1

[Event "Mexican op 62nd"]
[Site "Oaxtepec"]
[Date "2016.03.22"]
[Round "1"]
[White "Obregon Rivero, Juan Carlos"]
[Black "Lane, Samuel"]
[Result "1-0"]
[WhiteElo "2539"]
[BlackElo "2026"]
[PlyCount "93"]
[EventDate "2016.03.22"]
[EventType "swiss"]
[EventRounds "9"]
[EventCountry "MEX"]
[SourceTitle "CBM 171 Extra"]
[Source "ChessBase"]
[SourceDate "2016.04.26"]
[SourceVersion "1"]
[SourceVersionDate "2016.04.26"]
[SourceQuality "1"]

1. Nf3 Nf6 2. c4 g6 3. g3 Bg7 4. Bg2 0-0 5. d4 d6 6. 0-0 Nc6 7. Nc3 a6 8. Re1 Na5 9. b3 c5 10. Bb2 Rb8 11. dxc5 dxc5 12. Na4 Qxd1 13. Rexd1 Ne4 14. Bxg7 Kxg7 15. Nb6 Nc3 16. Rd3 Nxe2+ 17. Kf1 Nd4 18. Nxd4 cxd4 19. Rxd4 Nc6 20. Bxc6 bxc6 21. c5 e5 22. Rd6 Bh3+ 23. Ke1 Rfe8 24. Rxc6 e4 25. Nd5 a5 26. Ra6 Red8 27. Ne3 Rb5 28. Rc1 Rc8 29. c6 Be6 30. Rc3 h6 31. Ra7 g5 32. g4 Kf6 33. Kd2 Kg7 34. Rb7 Re5 35. c7 h5 36. h3 hxg4 37. hxg4 Kf6 38. Nc4 Bxc4 39. Rxc4 Ke6 40. Ke3 f5 41. Rb8 Kd7 42. Kd4 Re7 43. Rxc8 Kxc8 44. gxf5 g4 45. Ke3 Re5 46. Kf4 e3 47. fxe3 1-0